000 00612nam a2200229Ia 4500
003 OSt
005 20220918225257.0
006 a|||||r|||| 00| 0
007 ta
008 220917b |||||||| |||| 00| 0 eng d
024 _a239,419
037 _cTextual
040 _aARTS
_cARTS
_beng
041 _2eng
_aeng
082 _aWv58.N7, L4;1
100 _aBrown A H
_9150140
245 0 _aSoviet politics and political science
260 _aLondon
_bMacMillan Press Ltd UK
_c1974
650 _aPOLITICAL SCIENCE
942 _hWv58.N7, L4;1
_cTEXL
_2CC
999 _c284167
_d284167